La ruta de don Quijote

שמור ב:
מידע ביבליוגרפי
מחבר ראשי: Azorín Martínez Ruiz, José (autor)
פורמט: ספר
שפה:ספרדית
יצא לאור: Buenos Aires Losada 1957
מהדורה:5a. ed
סדרה:Biblioteca Contemporánea, 149
נושאים:
תגים: הוספת תג
אין תגיות, היה/י הראשונ/ה לתייג את הרשומה!

MARC

LEADER 00000nam a2200000 a 4500
001 UCP1909
003 CL-VaPUC
008 990426e19570000AG |||||||||||||||||spa|d
082 0 4 |a 864  |b AZO  |2 21 
100 |a Azorín  |e autor  |q Martínez Ruiz, José  |9 863023 
245 1 3 |a La ruta de don Quijote 
250 |a 5a. ed 
300 |a 138 p 
942 |c BK 
945 |d 19990426 00:00:00  |a lriquelm 
260 |a Buenos Aires  |b Losada  |c 1957 
650 0 |a Ensayos españoles  |9 313128 
650 0 |a Literatura española  |9 306261 
583 |a last modification  |c 19990426 00:00:00  |k Rodrigo Vera 
490 0 |a Biblioteca Contemporánea, 149 
999 |c 280538  |d 280536 
952 |0 0  |1 0  |4 0  |6 864_000000000000000_AZO_1957  |7 0  |8 A  |9 320877  |a BIBEDU  |b BIBEDU  |d 2019-11-20  |i 133834K  |o 864 AZO 1957  |p 133834K  |r 2019-11-20  |w 2019-11-20  |y BK  |k LIT